Aryan Pathak

Lake Highland A


Categories

Science - Physics012001205087.5811
Science - Biology18009569101.2200
Literature - American08008082110.7501
Science - Chemistry0700707298.5700
Fine Arts - Painting14005564105.0000
Fine Arts - Music05005085109.0000
Literature - British13004565111.0000
History - American03003086102.6711
History - World0300308798.3300
Literature - World and Miscellaneous0300308898.0000
RMP - Philosophy0300307096.3300
Social Science - Other1100254382.0000
Science - Earth0200207778.0000
RMP - Islam02002097103.0000
Science - Engineering and Miscellaneous0200206585.5000
Fine Arts - Miscellaneous020020122129.0000
Geography - World02002095105.0000
RMP - Hinduism0200207984.0001
History - Cross, Historiography, and Miscellaneous02002093107.0000
History - European020020103111.5000
Current Events - World1000153939.0000
Other - Other Academic and General Knowledge010010102102.0000
Fine Arts - Ballet/Dance010010132132.0000
Fine Arts - Jazz0100108989.0000
Fine Arts - Sculpture010010134134.0000
Geography - Europe010010127127.0000
Literature - European0100108989.0000
RMP - East Asian Religion010010102102.0000
RMP - Other Religion010010107107.0000
RMP - World Mythology010010127127.0000
Science - Astronomy0100106363.0011
Science - Computer Science010010119119.0000
Science - Math0100107575.0000
Social Science - Anthropology010010116116.0001
Social Science - Linguistics010010102102.0000
Fine Arts - Film000000.0000
RMP - Jewish Practice000000.0000
Social Science - Psychology000000.0000
Fine Arts - Opera000000.0000

Buzzes

Science - Biologyspleen018
Current Events - WorldIndia2039
Social Science - Otherlighting2043
Science - Biologybeta-actin047
Science - Biologydialysis047
History - Cross, Historiography, and MiscellaneousInquisition047
Science - Physicsmoment of inertia1050
Science - Mathcontinuity055
Science - Chemistrycellulose055
Other - Other Academic and General Knowledgeastrology058